=LDR 00000nam 2200000 4500 =001 NUTBA000000000005909 =005 20141112140154.0 =006 =007 =008 =020 ##$$a 979-9409-88-8 =035 ##$$0010-111400000000388 =040 ##$$a NBPDMAT =082 ##$$a 614.47 =090 ##$$a 614.47 $b Eko l =100 ##$$a Eko Supatmawati =245 ##$$a Lebih mengenal imunisasi / $c Eko Supatmawati =260 ##$$a Surabaya : $b Insan Cendekia, $c 2008 =300 ##$$a iv, 12 hlm. : $b ilus. ; $c 29 cm. =500 ##$$a Bibliografi : hlm. 12 =650 ##$$a Kesehatan =850 ##$$a NBPDMAT =990 ##$$a 0001/BPAP-NTB/2015 =990 ##$$a 0001/BPAP-NTB/2015